Catalog

Record Details

Catalog Search



Advances in Information and Computer Security Second International Workshop on Security, IWSEC 2007, Nara, Japan, October 29-31, 2007. Proceedings  Cover Image E-book E-book

Advances in Information and Computer Security [electronic resource] : Second International Workshop on Security, IWSEC 2007, Nara, Japan, October 29-31, 2007. Proceedings / edited by Atsuko Miyaji, Hiroaki Kikuchi, Kai Rannenberg.

Miyaji, Atsuko. (editor.). Kikuchi, Hiroaki. (editor.). Rannenberg, Kai. (editor.). SpringerLink (Online service) (Added Author).

Electronic resources


LDR 02045nam a22005175i 4500
00135343
003CONS
00520131220074310.0
007cr nn 008mamaa
008100301s2007 gw | s |||| 0|eng d
020 . ‡a9783540756514 ‡9978-3-540-75651-4
0247 . ‡a10.1007/978-3-540-75651-4 ‡2doi
035 . ‡a(DE-He213)978-3-540-75651-4
050 4. ‡aQA76.9.A25
072 7. ‡aUR ‡2bicssc
072 7. ‡aUTN ‡2bicssc
072 7. ‡aCOM053000 ‡2bisacsh
1001 . ‡aMiyaji, Atsuko. ‡eeditor.
24510. ‡aAdvances in Information and Computer Security ‡h[electronic resource] : ‡bSecond International Workshop on Security, IWSEC 2007, Nara, Japan, October 29-31, 2007. Proceedings / ‡cedited by Atsuko Miyaji, Hiroaki Kikuchi, Kai Rannenberg.
264 1. ‡aBerlin, Heidelberg : ‡bSpringer Berlin Heidelberg, ‡c2007.
300 . ‡bonline resource.
336 . ‡atext ‡btxt ‡2rdacontent
337 . ‡acomputer ‡bc ‡2rdamedia
338 . ‡aonline resource ‡bcr ‡2rdacarrier
347 . ‡atext file ‡bPDF ‡2rda
4901 . ‡aLecture Notes in Computer Science, ‡x0302-9743 ; ‡v4752
650 0. ‡aComputer science.
650 0. ‡aComputer Communication Networks.
650 0. ‡aOperating systems (Computers).
650 0. ‡aData protection.
650 0. ‡aComputer software.
650 0. ‡aInformation Systems.
65014. ‡aComputer Science.
65024. ‡aSystems and Data Security.
65024. ‡aOperating Systems.
65024. ‡aManagement of Computing and Information Systems.
65024. ‡aComputers and Society.
65024. ‡aComputer Communication Networks.
65024. ‡aAlgorithm Analysis and Problem Complexity.
7001 . ‡aKikuchi, Hiroaki. ‡eeditor.
7001 . ‡aRannenberg, Kai. ‡eeditor.
7102 . ‡aSpringerLink (Online service)
7730 . ‡tSpringer eBooks
77608. ‡iPrinted edition: ‡z9783540756507
830 0. ‡aLecture Notes in Computer Science, ‡x0302-9743 ; ‡v4752
85640. ‡uhttp://biblioteca.ipicyt.edu.mx:2048/login?url=http://dx.doi.org/10.1007/978-3-540-75651-4 ‡yTexto completo ‡9CONS
950 . ‡aComputer Science (Springer-11645)
901 . ‡a35343 ‡b ‡c35343 ‡tbiblio ‡sSystem Local

Additional Resources